[Event "Olympiad Women 2024"]
[Site "Budapest HUN"]
[Date "2024.09.16"]
[Round "6.20"]
[Board "3"]
[White "Valcu, Lavinia"]
[Black "Duque, Raquel Dos Santos"]
[Result "0-1"]
[WhiteElo "2076"]
[BlackElo "1913"]
[PlyCount "74"]
[EventDate "2024.09.11"]
[WhiteTeam "Sweden"]
[BlackTeam "Portugal"]
[WhiteTeamCountry "SWE"]
[BlackTeamCountry "POR"]

1. d4 Nf6 2. c4 e6 3. Nf3 Bb4+ 4. Bd2 Qe7 5. e3 O-O 6. Bd3 Bxd2+ 7. Qxd2 d6 8. Nc3 e5 ({RR} 8... Re8 9. O-O e5 10. Bc2 c6 11. h3 Nbd7 12. Rad1 Nf8 13. dxe5 dxe5 14. Ng5 Be6 15. Nxe6 Nxe6 16. Qd6 Qxd6 17. Rxd6 Rad8 18. Rxd8 Rxd8 19. Rd1 Rxd1+ 20. Bxd1 a5 21. Kf1 g6 22. Ke2 Kf8 23. a3 {½-½ Giri,A (2745)-Duda,J (2734) Superbet POL Blitz 2024 (7.2)}) 9. Bc2 Bg4 10. Ng5 ({RR} 10. O-O-O a5 11. h3 Bxf3 12. gxf3 Nc6 13. Rhg1 Nb4 14. Bb1 Qe6 15. d5 Qe7 16. Rg5 Rfc8 17. Rdg1 Ne8 18. f4 exf4 19. exf4 c6 20. a3 Na6 21. dxc6 bxc6 22. Qc2 g6 23. f5 Ng7 24. Qd1 Nc5 {0-1 Valenzuela Gomez,F (2358)-Salinas Tomas,D (2335) 46th Barbera Open 2024 (4.5)}) 10... h6 $146 ({RR} 10... c6 11. O-O Nbd7 12. f3 Bh5 13. Rad1 Rad8 14. Rde1 Rfe8 15. f4 h6 16. Nge4 Nxe4 17. Nxe4 Bg6 18. f5 Bh7 19. f6 Nxf6 20. Nxf6+ gxf6 21. Bxh7+ Kxh7 22. Qd3+ Kg7 23. Rf3 e4 24. Rg3+ Kh7 25. Qf1 {1-0 Praggnanandhaa,R (2608)-Terry,R (2504) Tetraktys Concept Mgmt blitz 2021 (7)}) 11. Nge4 Nbd7 12. h3 Bh5 13. g4 Bg6 14. O-O-O Nxe4 15. Nxe4 exd4 16. Qxd4 Rfe8 17. Ng3 Bxc2 18. Kxc2 Qf6 19. Nf5 Qxd4 20. Rxd4 Ne5 21. b3 a5 22. Kc3 Kh7 23. h4 a4 24. b4 g6 25. Ng3 c5 26. Rxd6 Nxg4 27. Rf1 cxb4+ 28. Kxb4 Re7 29. Ne2 Rc7 30. c5 Rac8 31. Rd4 Ne5 32. Rd5 Rxc5 33. Rxc5 Nd3+ 34. Kxa4 Rxc5 35. Nd4 Rh5 36. Rb1 Rxh4 37. Rxb7 Nc5+ 0-1

[Event "Olympiad Women 2024"]
[Site "Budapest HUN"]
[Date "2024.09.16"]
[Round "6.20"]
[Board "4"]
[White "Avelino, Camila Biscaya"]
[Black "Zaritovskaja, Margarita"]
[Result "1-0"]
[WhiteElo "1843"]
[BlackElo "2009"]
[PlyCount "87"]
[EventDate "2024.09.11"]
[WhiteTeam "Portugal"]
[BlackTeam "Sweden"]
[WhiteTeamCountry "POR"]
[BlackTeamCountry "SWE"]

1. e4 c5 2. Nf3 d6 3. d4 cxd4 4. Nxd4 Nf6 5. Nc3 a6 6. Bc4 e6 7. Bb3 b5 8. O-O Be7 9. Qf3 Qc7 10. Re1 O-O 11. Qg3 Nc6 12. Nxc6 Qxc6 13. Bh6 Ne8 14. Nd5 Bd8 15. Be3 $146 ({RR} 15. Bg5 Bxg5 16. Qxg5 exd5 17. Bxd5 Qc5 18. b4 Qa7 19. Bxa8 Qxa8 20. a4 bxa4 21. Rxa4 Qc6 22. Raa1 Nc7 23. Qd2 Nb5 24. Rac1 Qc4 25. c3 Be6 26. Qe2 Rc8 27. Qxc4 Rxc4 28. Re3 f5 29. exf5 Bxf5 {0-1 Berkovich,M (2350)-Grigorian,K (2445) Moscow2 1981}) ({RR} 15. Re3 Qb7 16. Nf4 Kh8 17. Bg5 Bb6 18. Rf3 Qxe4 19. Kf1 e5 20. Nd5 Ba5 21. Ne7 Nc7 22. Nxc8 Raxc8 23. Be7 f5 24. Bxf8 Rxf8 25. c3 f4 26. Qg4 b4 27. Re1 Qc6 28. Rh3 Qe8 29. Qf3 h6 {1-0 De Firmian,N (2595)-Browne,W (2555) USA-ch 1989 (13)}) ({RR} 15. a4 Bb7 16. Nf4 Kh8 17. Bg5 Bxg5 18. Qxg5 Nf6 19. f3 Qc5+ 20. Qxc5 dxc5 21. c4 b4 22. Rad1 Rfd8 23. Kf2 Kg8 24. Ke3 Kf8 25. h4 Ke7 26. g4 Nd7 27. Nd3 a5 28. Rd2 Rac8 29. Red1 Nb6 {1-0 Aldokhin,I (2413)-Remolar Gallen,J (2285) Titled Tue 28th Feb Late 2023 (9)}) ({RR} 15. Rad1 a5 16. c3 Kh8 17. Bg5 f6 18. Qf3 exd5 19. Bxd5 Qa6 20. Bxa8 Qxa8 21. Bf4 Be7 22. Rd5 Nc7 23. Rxd6 Bxd6 24. Bxd6 Rf7 25. Qh5 Be6 26. Bxc7 Rxc7 27. Qxb5 a4 28. e5 f5 29. Rd1 Bxa2 {0-1 Dabetic,R (2305)-Ilincic,Z (2350) YUG-ch sf Bela Crkva 1986 (1)}) 15... Bb7 16. Bd4 Qd7 17. Nb6 Bxb6 18. Bxb6 Nf6 19. Bd4 e5 20. Be3 Nxe4 21. Qh4 Qf5 22. c4 bxc4 23. Bxc4 Qg6 24. Bd3 f5 25. f3 Nf6 26. Qg5 Qxg5 27. Bxg5 Rac8 28. Bxf5 Rc5 29. Rad1 Rd8 30. Rc1 Rxc1 31. Rxc1 Bd5 32. b3 h6 33. Bh4 g5 34. Be1 Nh5 35. Rc8 Rxc8 36. Bxc8 Nf4 37. Bxa6 g4 38. Bb4 gxf3 39. gxf3 Bxf3 40. Bxd6 Nh3+ 41. Kf1 e4 42. Be2 Ng5 43. Bxf3 exf3 44. Bf4 1-0

[Event "Olympiad Women 2024"]
[Site "Budapest HUN"]
[Date "2024.09.16"]
[Round "6.21"]
[Board "1"]
[White "Shuqja, Klean"]
[Black "Koskela, Niina"]
[Result "1-0"]
[WhiteElo "2042"]
[BlackElo "2173"]
[PlyCount "201"]
[EventDate "2024.09.11"]
[WhiteTeam "Albania"]
[BlackTeam "Norway"]
[WhiteTeamCountry "ALB"]
[BlackTeamCountry "NOR"]

1. e4 e5 2. Nf3 Nc6 3. Bb5 a6 4. Ba4 Nf6 5. O-O Be7 6. Re1 b5 7. Bb3 d6 8. c3 O-O 9. h3 Nb8 10. d4 Nbd7 11. Nbd2 c5 12. Nf1 c4 13. Bc2 Re8 14. a4 Rb8 15. Ng3 g6 16. axb5 axb5 17. Be3 Bf8 18. d5 h5 $146 ({RR} 18... Qc7 19. Qd2 Nc5 20. Ra3 Bd7 21. Bh6 Bxh6 22. Qxh6 Qd8 23. Nh4 Kh8 24. Nf3 Ng8 25. Qe3 Qf6 26. Ra7 Ra8 27. Rea1 Rxa7 28. Rxa7 Qf4 29. Qxf4 exf4 30. Ne2 Nf6 31. Nxf4 Nfxe4 32. h4 h6 33. g3 {0-1 Narva,M (2358)-Olde,M (2122) Helsinki U20 Girls 2019 (1)}) ({RR} 18... Qc7 19. Qd2 Nc5 20. Ra3 Bd7 21. Rea1 Na4 22. R3a2 Bg7 23. Nh4 Qd8 24. Bg5 Qe7 25. Qe3 Kh8 26. Rf1 Nc5 27. Ra7 Ra8 28. Rfa1 Rxa7 29. Rxa7 Qf8 30. Qf3 Ng8 31. Be3 Qe7 32. Nhf5 gxf5 33. Nxf5 {½-½ Goltsev,D (2199)-Balashov,Y (2431) Cheliabinsk Variation-A 2022 (1)}) 19. Bg5 Be7 20. Qd2 Nh7 21. Be3 Qc7 22. Ra7 Rb7 23. Ra8 Nc5 24. Rea1 Bf8 25. Ng5 Nxg5 26. Bxg5 Bg7 27. Be3 Kh7 28. Ne2 Bd7 29. R8a3 Kg8 30. Ng3 Bf6 31. Kh2 Rc8 32. Kg1 Qd8 33. Bxc5 Rxc5 34. Ra6 Bg5 35. Qe1 Qe7 36. Ra7 Rcc7 37. Rxb7 Rxb7 38. Ra8+ Be8 39. Qa1 Kf8 40. Qa3 Qc7 41. Ra6 Be7 42. Nf1 Qd8 43. Ne3 Rb6 44. Ra8 Rb8 45. Ra6 Kg7 46. Bd1 Bf8 47. Ra7 Qf6 48. Qa5 Qd8 49. Qxd8 Rxd8 50. Nc2 Kg8 51. Rb7 Ra8 52. Na3 Bh6 53. Be2 Ra5 54. Kh2 Bc1 55. h4 Kf8 56. g4 hxg4 57. Bxg4 Bxb2 58. Nxc4 bxc4 59. Rxb2 Bb5 60. Rb4 Ke7 61. Kg3 Ba6 62. Rb6 Ra3 63. Kg2 Ra5 64. Rb4 f5 65. exf5 gxf5 66. Bxf5 Rxd5 67. Rb6 Bb5 68. Be4 Rc5 69. h5 d5 70. h6 dxe4 71. h7 Rc8 72. Rxb5 Kf6 73. Kf1 Kg7 74. Rxe5 Kxh7 75. Rxe4 Kg6 76. Ke2 Kf5 77. f3 Rc7 78. Ke3 Rc8 79. f4 Rc7 80. Re5+ Kf6 81. Kd4 Rc8 82. Rc5 Re8 83. Rxc4 Kf5 84. Kd3 Ra8 85. Rd4 Ra3 86. Kc4 Ra8 87. Kb3 Rb8+ 88. Kc2 Kg4 89. c4 Kf3 90. f5 Ke3 91. Rd5 Ke4 92. Kc3 Rb1 93. f6 Rc1+ 94. Kb4 Rb1+ 95. Ka5 Ra1+ 96. Kb6 Rc1 97. Kb5 Rb1+ 98. Kc6 Rf1 99. Rd6 Ke5 100. c5 Rf2 101. Kc7 1-0

[Event "Olympiad Women 2024"]
[Site "Budapest HUN"]
[Date "2024.09.16"]
[Round "6.21"]
[Board "2"]
[White "Stanford, Sheila Barth"]
[Black "Geske, Bruna"]
[Result "1-0"]
[WhiteElo "2175"]
[BlackElo "2023"]
[PlyCount "59"]
[EventDate "2024.09.11"]
[WhiteTeam "Norway"]
[BlackTeam "Albania"]
[WhiteTeamCountry "NOR"]
[BlackTeamCountry "ALB"]

1. e4 {Ftacnik,Lubomir} c5 2. Nf3 Nc6 3. Nc3 e5 ({RR} 3... Nf6 4. Bb5 Nd4 5. e5) 4. Bc4 Be7 ({RR} 4... Nf6 5. Ng5) 5. d3 d6 6. Nd2 Nf6 7. Nf1 O-O 8. Ne3 Be6 9. O-O Na5 ({RR} 9... Nd4 10. a4 a6 11. Ncd5 Nxd5 ({RR} 11... b5 12. axb5 axb5 13. Rxa8 Qxa8 14. Nxe7+) 12. Bxd5 Rb8 13. g3 ({RR} 13. c3 Nc6 14. g3) 13... Bh3 14. Ng2 Qd7 ({RR} 14... Ne6 15. f4 exf4 16. gxf4 Nc7 17. Ba2 d5) 15. c3 Ne6 16. f4 exf4 17. gxf4 Nc7 18. Ba2 Qg4 ({RR} 18... d5 19. Qf3 Rbd8) 19. Qxg4 Bxg4 20. Rf2 Be6 21. f5 Bxa2 22. Rxa2 b5 23. Bf4 b4 24. f6 {½-½ Gelfand,B (2685)-Kramnik,V (2710) Candidates FIDE sf2 1994 (2)} {RR} gxf6 25. Ne3) 10. Bd5 ({RR} 10. Ned5 a6 11. Nxf6+ Bxf6 12. Bd5 Rc8 13. b3 b5 14. Bd2 Nc6 15. f4 exf4 16. Rxf4 b4 17. Ne2 Bxa1 18. Qxa1 Bxd5 19. exd5 Ne7 20. Rg4 Ng6 21. Nf4 Qd7 22. Rg3 Qf5 23. Rf3 Qe5 24. Qf1 Nxf4 {1-0 Martins,C (2187)-George Micheal,K (2271) Titled Tue 9th Jul Late 2024 (9)}) 10... Nxd5 $146 ({RR} 10... Rb8 11. a4 a6 12. Qf3 b5 13. axb5 axb5 14. Nf5 Bxf5 15. Qxf5 b4 16. Ne2 Nxd5 17. exd5 c4 18. Be3 g6 19. Qf3 cxd3 20. cxd3 Nb3 21. Ra7 Bg5 22. Ng3 f5 23. Qd1 Bxe3 24. fxe3 Qb6 25. Re7 {1-0 Rasulov,V (2478)-Hollan,M (2346) Titled Tuesday intern op 10th Nov blitz 2020 (4)}) ({RR} 10... Bxd5 11. Ncxd5 Nxd5 12. Nxd5 Bg5 13. f4 exf4 14. Bxf4 Nc6 15. Bxg5 Qxg5 16. Rf5 Qd8 17. Qg4 f6 18. Raf1 Kh8 19. Rh5 Ne5 20. Qh3 h6 21. Ne3 Kh7 22. Nf5 Qd7 23. Rf4 Nf7 24. Rfh4 Rad8 25. Qg4 {0-1 Coleman,D (2239)-Ledger,S (2199) BCF-chT 0203 (4NCL) 2002 (8.7)}) 11. exd5 Bd7 12. Ne2 b5 13. f4 f5 14. b3 exf4 15. Nxf4 Bf6 16. Rb1 Re8 17. Kh1 Bd4 18. Qf3 Qe7 19. Ne6 Bxe6 20. dxe6 g6 21. Nd5 Qg7 22. c3 Be5 23. b4 cxb4 24. d4 Bf6 25. Bh6 Qxh6 26. Nxf6+ Kg7 27. Nxe8+ Rxe8 28. cxb4 Nc4 29. Qb7+ Kh8 30. Qxb5 1-0

[Event "Olympiad Women 2024"]
[Site "Budapest HUN"]
[Date "2024.09.16"]
[Round "6.21"]
[Board "3"]
[White "Caku, Kler"]
[Black "Ni, Viktorija"]
[Result "1/2-1/2"]
[WhiteElo "1859"]
[BlackElo "2163"]
[PlyCount "69"]
[EventDate "2024.09.11"]
[WhiteTeam "Albania"]
[BlackTeam "Norway"]
[WhiteTeamCountry "ALB"]
[BlackTeamCountry "NOR"]

1. e4 c5 2. Nf3 e6 3. d4 cxd4 4. Nxd4 Nf6 5. Nc3 Nc6 6. Ndb5 Bb4 7. a3 Bxc3+ 8. Nxc3 d5 9. exd5 exd5 10. Bd3 O-O 11. O-O Bg4 12. Qd2 Ne5 ({RR} 12... Re8 13. Qf4 Bh5 14. Qh4 h6 15. Qg3 Kh8 16. Bf4 g5 17. Bc7 Qd7 18. Rae1 Bg6 19. Bxg6 fxg6 20. Be5 Nxe5 21. Rxe5 d4 22. Ne2 Kg7 23. Rxe8 Rxe8 24. Qd3 Rd8 25. Rd1 Nh5 26. g3 Qe7 27. Nxd4 {½-½ Kamsky,G (2634)-Deac,B (2700) Titled Tue 7th Nov Late 2023 (11)}) 13. f3 Bh5 14. f4 $146 ({RR} 14. Bf5 Bg6 15. Bxg6 Nxg6 16. Qd4 Rc8 17. Bg5 Rc4 18. Qxa7 d4 19. Rad1 Qd6 20. Bxf6 Qxf6 21. Ne4 Qf4 22. c3 dxc3 23. Nxc3 Qc7 24. Rfe1 Qc6 25. Qe3 Nh4 26. Rd2 Nf5 27. Qe5 Qb6+ 28. Kh1 Qg6 {1-0 Omonova,U (2102)-Al Mansouri,M (1768) BRICS Games Rapid Women 2024 (2.6)}) 14... Nxd3 15. Qxd3 Re8 16. Qd4 Rc8 17. h3 Ne4 18. Be3 Ng3 19. Rfe1 Nf5 20. Qxd5 Nxe3 21. Qxh5 Qd4 22. Kh1 Nxc2 23. Rxe8+ Rxe8 24. Rf1 Ne3 25. Re1 Qxf4 26. Nd5 Qg3 27. Qe2 f5 28. Nxe3 f4 29. Qc4+ Kh8 30. Nc2 Rxe1+ 31. Nxe1 Qxe1+ 32. Kh2 Qg3+ 33. Kh1 Qe1+ 34. Kh2 Qg3+ 35. Kh1 1/2-1/2

[Event "Olympiad Women 2024"]
[Site "Budapest HUN"]
[Date "2024.09.16"]
[Round "6.21"]
[Board "4"]
[White "Machlik, Monika"]
[Black "Shabanaj, Eglantina"]
[Result "1-0"]
[WhiteElo "2109"]
[BlackElo "1957"]
[PlyCount "99"]
[EventDate "2024.09.11"]
[WhiteTeam "Norway"]
[BlackTeam "Albania"]
[WhiteTeamCountry "NOR"]
[BlackTeamCountry "ALB"]

1. d4 Nf6 2. c4 e6 3. Nc3 d5 4. cxd5 exd5 5. Bg5 c6 6. e3 Be7 7. Bd3 O-O 8. h3 Nbd7 9. Qc2 Re8 10. Bf4 Nf8 11. Nf3 Bb4 ({RR} 11... a5 12. O-O Bd6 13. Bxd6 Qxd6 14. Na4 Be6 15. Qc5 Qb8 16. Ng5 N8d7 17. Qc2 h6 18. Bh7+ Kf8 19. Nxe6+ Rxe6 20. Bf5 Re7 21. Qb3 b5 22. Nc3 Nb6 23. Qc2 Nc4 24. Bd3 a4 25. b3 axb3 26. axb3 {½-½ Dreev,A (2650)-Ivanchuk,V (2700) Yalta blitz 1995 (1)}) ({RR} 11... Bd6 12. Be5 Bxe5 13. Nxe5 N6d7 14. Nf3 Nf6 15. O-O Be6 16. b4 Qd6 17. Rab1 b5 18. a4 a6 19. Rfc1 Rac8 20. Ne2 N8d7 21. a5 g6 22. Ng3 Kg7 23. Re1 Nf8 24. Qc3 Kg8 25. Rbc1 Bd7 26. Ne5 {½-½ Chytilek,R (2393)-Talla,V (2399) CZE-chT 1112 2011 (8.4)}) 12. O-O Bxc3 $146 ({RR} 12... h6 13. a3 Ba5 14. b4 Bc7 15. Bxc7 Qxc7 16. Rfc1 Be6 17. Na4 a6 18. Nc5 N6d7 19. Nb3 g6 20. a4 Qd6 21. b5 axb5 22. axb5 cxb5 23. Bxb5 Bf5 24. Qc7 Qb4 25. Bxd7 Nxd7 26. Rxa8 Rxa8 27. Nc5 {1-0 Kovacevic,B (2448)-Kristovic,M (2296) Bizovac Metalis op 14th 2007 (3)}) 13. bxc3 Ne4 14. c4 Bf5 15. cxd5 cxd5 16. Qb3 Re7 17. Rfc1 Ne6 18. Bh2 Bg6 19. Rc2 Bh5 20. Bxe4 dxe4 21. Nd2 Nf8 22. d5 Rc8 23. d6 Re6 24. Rac1 Rxc2 25. Qxc2 f5 26. Nb3 Qg5 27. Bf4 Qh4 28. Bg3 Qg5 29. Nd4 Re8 30. Qc5 Bg6 31. Qd5+ Bf7 32. Qxb7 h5 33. Rc8 h4 34. Bf4 Qf6 35. d7 Rd8 36. Nc6 Bd5 37. Rxd8 Qxd8 38. Nxd8 Bxb7 39. Nxb7 Nxd7 40. Nd6 g6 41. Bg5 Nc5 42. Bxh4 a5 43. g4 fxg4 44. hxg4 a4 45. Kg2 Kg7 46. Kg3 Kh6 47. Be7 Kh7 48. Nb5 Nd3 49. Nc3 Nc1 50. Ba3 1-0

[Event "Olympiad Women 2024"]
[Site "Budapest HUN"]
[Date "2024.09.16"]
[Round "6.22"]
[Board "1"]
[White "Rogule, Laura"]
[Black "Varela La Madrid, Tilsia Carolina"]
[Result "1-0"]
[WhiteElo "2248"]
[BlackElo "2017"]
[PlyCount "63"]
[EventDate "2024.09.11"]
[WhiteTeam "Latvia"]
[BlackTeam "Venezuela"]
[WhiteTeamCountry "LAT"]
[BlackTeamCountry "VEN"]

1. d4 d5 2. c4 e6 3. Nf3 Nf6 4. g3 Be7 5. Bg2 O-O 6. O-O c6 7. Qc2 b6 8. Nbd2 Na6 9. e4 Bb7 10. e5 Nd7 11. b3 Rc8 12. Bb2 c5 13. Rad1 ({RR} 13. Rac1 dxc4 14. bxc4 cxd4 15. Bxd4 Nb4 16. Qb1 Nc6 17. Bc3 Qc7 18. Rfe1 Nc5 19. Nb3 h6 20. Nfd2 Ba6 {½-½ Vitak,J (2280)-Jirousek,J (2052) 35th Czech Open E 2024 (1.1)}) 13... Qc7 14. Qb1 cxd4 $146 ({RR} 14... Rfd8 15. h4 cxd4 16. Nxd4 Nf8 17. Nb5 Qb8 18. cxd5 Bxd5 19. Ne4 Qa8 20. Rxd5 exd5 21. Ned6 Bxd6 22. Nxd6 Rc5 23. Bd4 Rc7 24. Rd1 Rcd7 25. Qf5 Nc7 26. Qg4 Nfe6 27. Nf5 Kh8 28. h5 h6 29. Rc1 {0-1 Yordanova,S (2097)-Krasteva,B (2292) ch-BUL w 2023 (5.2)}) 15. Nxd4 dxc4 16. Nb5 Qb8 17. Bxb7 Qxb7 18. Nxc4 Rcd8 19. Ncd6 Qb8 20. Qe4 Nc7 21. Nd4 f5 22. Qe2 Nxe5 23. N4xf5 Bxd6 24. Rxd6 Nf3+ 25. Qxf3 Rxd6 26. Qg4 Rd7 27. Nxg7 Kf7 28. Re1 Re7 29. Nf5 Ke8 30. Nxe7 Kxe7 31. Qg7+ Ke8 32. Ba3 1-0

[Event "Olympiad Women 2024"]
[Site "Budapest HUN"]
[Date "2024.09.16"]
[Round "6.22"]
[Board "2"]
[White "Rovira Contreras, Tairu Manuela"]
[Black "Ter-Avetisjana, Agnesa Stepania"]
[Result "1-0"]
[WhiteElo "2022"]
[BlackElo "2134"]
[PlyCount "101"]
[EventDate "2024.09.11"]
[WhiteTeam "Venezuela"]
[BlackTeam "Latvia"]
[WhiteTeamCountry "VEN"]
[BlackTeamCountry "LAT"]

1. d4 d5 2. c4 c6 3. Nc3 Nf6 4. Nf3 e6 5. e3 Nbd7 6. Qc2 Bd6 7. g4 h6 8. g5 hxg5 9. Nxg5 Nf8 $146 ({RR} 9... Rxh2 10. Rxh2 Bxh2 11. Bd2 Bd6 12. O-O-O dxc4 13. e4 b5 14. e5 Nxe5 15. dxe5 Bxe5 16. Bg2 Bd7 17. Rh1 Ke7 18. Nce4 Nd5 19. Nf3 Bf4 20. Bxf4 Nxf4 21. Qd2 Nd3+ 22. Kb1 f6 23. Rh7 Qf8 24. Qh6 {1-0 Jones,S (1798)-Robertson,D (1940) BCF-chT2 1011 (4NCL) North 2010 (2)}) ({RR} 9... Qe7 10. Bd2 dxc4 11. Bxc4 b5 12. Be2 Bb7 13. Bf3 Rc8 14. O-O-O Nd5 15. Nge4 Bb8 16. Kb1 c5 17. dxc5 b4 18. Nxd5 exd5 19. Bxb4 dxe4 20. Bg4 Bc6 21. Qc3 Be5 22. Qa3 Rb8 23. Bxd7+ Bxd7 24. b3 {0-1 Mamedyarov,S (2733)-Erigaisi,A (2778) FIDE World Rapid Team 2024 (4.13)}) ({RR} 9... Rxh2 10. Rxh2 Bxh2 11. f4 Bg3+ 12. Kd1 Bh4 13. Qh2 Bxg5 14. fxg5 Ne4 15. Nxe4 dxe4 16. Qh8+ Nf8 17. b3 Qa5 18. Qxg7 Bd7 19. Be2 O-O-O 20. Qxf7 Qxg5 21. Qh5 Qxh5 22. Bxh5 e5 23. Bb2 exd4 24. exd4 {1-0 Lorenzo de la Riva,L (2419)-Mestre Bellido,H (2286) TCh-CAT Gp2 2024 (6.4)}) ({RR} 9... Rxh2 10. Rxh2 Bxh2 11. f4 Bg3+ 12. Kd1 Bh4 13. Nf3 Ne4 14. Nxe4 dxe4 15. Qxe4 Be7 16. Qh7 Bf8 17. Bd2 Qb6 18. b4 Nf6 19. Qc2 Bd7 20. Ne5 Rd8 21. Bd3 Bc8 22. Bg6 {1-0 Bozzali,E (2099)-Isella,L Milan Crespi op 27th 2006 (1)}) 10. f4 Be7 11. Bd3 Ng4 12. h4 Nh6 13. b3 f6 14. Nf3 f5 15. Be2 Nf7 16. h5 g6 17. cxd5 exd5 18. Ne5 Nxe5 19. fxe5 Be6 20. Na4 Nd7 21. Bd2 Bh4+ 22. Kd1 Be7 23. Kc1 Ba3+ 24. Kd1 Qe7 25. Bc1 Bb4 26. a3 Ba5 27. b4 Bc7 28. b5 c5 29. dxc5 Bxe5 30. Bb2 Bxb2 31. Qxb2 d4 32. exd4 Nf6 33. Re1 O-O-O 34. Kc2 Ne4 35. Bf3 Qf6 36. Rad1 Bd5 37. Kb1 g5 38. Nc3 Nxc3+ 39. Qxc3 g4 40. Bxd5 Rxd5 41. Re5 Rhd8 42. Rxd5 Rxd5 43. Qb3 Rd8 44. c6 f4 45. d5 Qf5+ 46. Ka2 Rd6 47. h6 g3 48. Qc3 b6 49. Kb3 Rxh6 50. Qg7 Qh7 51. Qf8+ 1-0

[Event "Olympiad Women 2024"]
[Site "Budapest HUN"]
[Date "2024.09.16"]
[Round "6.22"]
[Board "3"]
[White "Krumina, Linda"]
[Black "Otazo Sanchez, Annyd Gabriela"]
[Result "1-0"]
[WhiteElo "2091"]
[BlackElo "1976"]
[PlyCount "99"]
[EventDate "2024.09.11"]
[WhiteTeam "Latvia"]
[BlackTeam "Venezuela"]
[WhiteTeamCountry "LAT"]
[BlackTeamCountry "VEN"]

1. d4 Nf6 2. Nf3 g6 3. c4 Bg7 4. Nc3 O-O 5. e4 d6 6. h3 e5 7. d5 a5 8. g4 Na6 9. Be3 b6 10. Rg1 Nc5 11. Nd2 Bd7 12. Be2 Ne8 13. Qc2 Qe7 $146 ({RR} 13... c6 14. O-O-O Nc7 15. h4 cxd5 16. Bxc5 bxc5 17. Nxd5 Nxd5 18. cxd5 Rb8 19. g5 f5 20. f3 fxe4 21. fxe4 Rf2 22. Bc4 Qf8 23. Qc3 Qf4 24. Rdf1 Qxh4 25. Qxa5 Rxf1+ 26. Rxf1 Qxg5 27. Qc7 Qd8 28. Qxd6 {1-0 Fogarassy,Z (1952)-Csillag,J (1969) Budapest-chT1 Lilienthal 1112 2011 (6)}) 14. O-O-O a4 15. Rg2 a3 16. b3 Na6 17. Nf3 Nf6 18. Kb1 Rfb8 19. Rc1 Nb4 20. Qd2 c5 21. Bg5 Qf8 22. Rcg1 Ne8 23. h4 Nc7 24. h5 f6 25. h6 Bh8 26. Be3 b5 27. Nh4 bxc4 28. Bxc4 Nb5 29. Bxc5 Nxc3+ 30. Qxc3 Na6 31. Bxa3 Nc7 32. Bc1 Bb5 33. Nf3 Bxc4 34. Qxc4 Qf7 35. Bb2 Nb5 36. a4 Nc7 37. Rc1 Na6 38. Ba3 Qb7 39. Nd2 Rc8 40. Qd3 Rxc1+ 41. Kxc1 Rc8+ 42. Nc4 Nc5 43. Bxc5 Rxc5 44. Kb2 Qb8 45. Rg1 Qf8 46. Qd2 Kf7 47. Qb4 Qxh6 48. Nxd6+ Ke7 49. Qxc5 Qd2+ 50. Ka3 1-0

[Event "Olympiad Women 2024"]
[Site "Budapest HUN"]
[Date "2024.09.16"]
[Round "6.22"]
[Board "4"]
[White "Perez Hernandez, Vicmary C."]
[Black "Vidruska, Renate"]
[Result "1/2-1/2"]
[WhiteElo "1960"]
[BlackElo "2035"]
[PlyCount "106"]
[EventDate "2024.09.11"]
[WhiteTeam "Venezuela"]
[BlackTeam "Latvia"]
[WhiteTeamCountry "VEN"]
[BlackTeamCountry "LAT"]

1. e4 e5 2. d4 exd4 3. Nf3 Nc6 4. Bc4 Nf6 5. e5 d5 6. Bb5 Ne4 7. Nxd4 Bd7 8. Bxc6 bxc6 9. O-O Bc5 10. f3 Ng5 11. f4 Ne4 12. Be3 Qb8 13. b3 Qb6 14. c3 ({RR} 14. Qd3 O-O 15. c3 a5 16. Nd2 Nxd2 17. Qxd2 Rfe8 18. Qf2 Qa6 19. Rad1 a4 20. b4 Bb6 21. Qg3 Qc4 22. f5 Qxc3 23. e6 Bxe6 24. fxe6 Rxe6 25. Bf2 Qxg3 26. hxg3 Bxd4 27. Bxd4 Rae8 28. Rf3 Re2 {1-0 Theissl Pokorna,R (2302)-Noshin,A (2085) Olympiad Women 2024 (4.19)}) 14... a5 15. Qc1 O-O 16. Nd2 Bxd4 $146 ({RR} 16... Nxd2 17. Qxd2 f6 18. exf6 Rxf6 19. a3 Qa6 20. b4 Bb6 21. g3 Qc4 22. Nf3 Bh3 23. Ne5 Qa6 24. Rfe1 axb4 25. cxb4 d4 26. Bf2 c5 27. bxc5 Bxc5 28. Re2 Qb7 29. Bxd4 Rd6 30. Bxc5 Rxd2 31. Rxd2 {0-1 Hynes,A (2190)-Ledger,D (2261) BCF-chT1a 1011 (4NCL) 2010 (2.14)}) 17. Bxd4 c5 18. Be3 Bf5 19. Nxe4 Bxe4 20. Qb2 Qb5 21. Qf2 c4 22. bxc4 Qxc4 23. Bc5 Rfe8 24. Qd4 Qe2 25. Rf2 Qg4 26. Qe3 Qf5 27. Rd1 Ra6 28. Rb2 Rg6 29. Rdd2 h5 30. Rf2 Kh7 31. Bd4 h4 32. Kf1 Qg4 33. Qe2 Qf5 34. Qe3 Qg4 35. Qd2 h3 36. g3 Qf5 37. Qe3 a4 38. a3 Qh5 39. Ke1 Qf5 40. Kd2 Bg2 41. Kc1 f6 42. Rfe2 fxe5 43. Bxe5 Qf8 44. Rb4 c5 45. Rxa4 Be4 46. Rb2 Bf5 47. Ra7 d4 48. Qd2 Ra8 49. Rbb7 Rxa7 50. Rxa7 Qc8 51. Qe2 Bg4 52. Qe4 Bf5 53. Qe2 Bg4 1/2-1/2

[Event "Olympiad Women 2024"]
[Site "Budapest HUN"]
[Date "2024.09.16"]
[Round "6.23"]
[Board "1"]
[White "Alinasab, Mobina"]
[Black "Gomez Barrera, Javiera Belen"]
[Result "1-0"]
[WhiteElo "2336"]
[BlackElo "2123"]
[PlyCount "73"]
[EventDate "2024.09.11"]
[WhiteTeam "Iran"]
[BlackTeam "Chile"]
[WhiteTeamCountry "IRI"]
[BlackTeamCountry "CHI"]

1. e4 e5 2. Nf3 Nc6 3. Bb5 a6 4. Bxc6 dxc6 5. O-O Ne7 6. Nxe5 Qd4 7. Qh5 g6 8. Nf3 ({RR} 8. Qg5 Be6 9. Nc3 h6 10. Qg3 Bg7 11. Nf3 Qd7 12. d4 g5 13. Be3 f5 14. Ne5 Qd6 15. f4 O-O-O 16. fxg5 Qb4 17. gxh6 Bxh6 18. Bxh6 Rxh6 19. Rad1 Rg8 20. Qf4 Rh7 21. Nd3 Qxd4+ 22. Kh1 Rgh8 {0-1 Womacka,M (2360)-Dragnev,V (2566) Titled Tue 7th May Early 2024 (5)}) 8... Qxe4 9. Nc3 ({RR} 9. Qg5 h6 10. Qf6 Rg8 11. Nc3 Qf5 12. Qe5 Qxe5 13. Nxe5 f6 14. Nc4 Kf7 15. d3 g5 16. Bd2 Be6 17. Na5 b6 18. Nb3 Nf5 19. Ne4 c5 20. Bc3 Be7 21. Rae1 Rae8 22. Nbd2 h5 23. b3 a5 {0-1 Naiditsch,A (2689)-Leko,P (2752) Wch Blitz 4th 2009 (41)}) 9... Qf4 $146 ({RR} 9... Qf5 10. Qh4 Bg7 11. Re1 Be6 12. d3 Qg4 13. Qg3 Qxg3 14. hxg3 h6 15. Bf4 O-O-O 16. Be5 Bxe5 17. Nxe5 Rhe8 18. Ne4 Nf5 19. Nf6 Re7 20. c3 h5 21. d4 c5 22. dxc5 Rd2 23. b3 Rc2 24. c4 {1-0 To,N (2363)-Tancsa,T (2157) Budapest FS09 IM 2019 (6)}) ({RR} 9... Qf5 10. Qh4 Be6 11. d3 Qg4 12. Qf6 Rg8 13. Ne4 Bg7 14. Qg5 Qxg5 15. Bxg5 h6 16. Bf6 Nd5 17. Bxg7 Rxg7 18. Nd4 O-O-O 19. Nxe6 fxe6 20. a3 b6 21. Rfe1 Re7 22. Nd2 e5 23. Re2 Rde8 24. Rae1 {1-0 Tabuenca Mendataurigoitia,D (1906)-Cuellar Montes,A (1620) ESP-ch U18 Rapid 2022 (3)}) 10. d3 Qd6 11. Qh4 Nf5 12. Qe4+ Be7 13. Bf4 Qd8 14. Qe5 f6 15. Qxc7 g5 16. Qxd8+ Kxd8 17. Be3 Kc7 18. Nd4 Nxd4 19. Bxd4 Bf5 20. Rae1 Rae8 21. Rxe7+ Rxe7 22. Bxf6 Rhe8 23. Bxe7 Rxe7 24. f4 gxf4 25. Rxf4 Bg6 26. Kf2 Re5 27. g4 h5 28. h3 hxg4 29. hxg4 c5 30. Rf6 Be8 31. Ne4 Bd7 32. Kf3 c4 33. g5 cxd3 34. cxd3 Rd5 35. Ke3 Rb5 36. b3 Re5 37. g6 1-0